1033 1902 1088 1961 1883 1130 1512 1157 1566 1793 1891 1163 1300 1199 1392 1133 1746 1367 1575 1606 1074 1451 1231 1509 1405 1494 1958 1560 1226 1291 1795 1044 1460 1374 1739 1492 1716 1399 1552 1745 1209 1253 1897 1425 1572 1742 1141 1907 1197 1635 1261 1750 1070 1925 1056 1580 1908 1434 1645 1927 1575 1584 1454 1316 1772 1589 1078 1010 1488 1772 1604 1811 1183 1316 1103 1045 1912 1393 1119 1017 1661 1925 1946 1889 1871 1979 1011 1988 1034 1024 1547 1815 1699 1824 1918 1710 1448 1318 1570 BCNSPRNW ULIB Ver.6.0+V

เปลี่ยนเป็นภาษาไทย

Change to English
 แสดงรายละเอียดบรรณานุกรม
  กลับหน้าหลัก

Brief Record : Get Marc (ISO 2709) : E-mail record : QR code < ปิดหน้าต่าง
LEADER : 00000nam 2200000uu 4500
001    13399113186
003     ULIB
008    110627s2544||||th 000 0 tha d
020    97897447236
090    นว.^bร942ฮ ล.2 2544
100 0  โรว์ลิ่ง, เจ.เค.
245 00 แฮร์รี่ พอตเตอร์ กับห้องแห่งความลับ เล่ม 2/^cโรว์ลิ่ง, เจ.เค.
250    พิมพ์ครั้งที่ 8
260    กรุงเทพฯ :^bนานมีบุ๊คส์,^c2544
300    408 หน้า
710 1  นานมีบุ๊คส์
945    ^p0^l0^i014148
995    ทศพร
999 ^a ใช้งานได้ทุกระบบ
รายการนี้ยังไม่มีแท็ก
คุณยังไม่ได้ล็อกอิน คุณสามารถมีกิจกรรมร่วมกับเว็บไซต์ได้ แต่ต้องล็อกอินก่อน ::
  ล็อกอิน

รายการสื่อสารสนเทศ

ลำดับที่ ประเภท เลขเรียก/บาร์โค้ด สถานที่ สถานะ
- ไม่พบข้อมูล -

รายการใกล้เคียง
    ผู้แต่ง [โรว์ลิ่ง, เจ.เค.]

BibComment


ยังไม่เคยถูกคอมเมนท์

คอมเมนท์ทรัพยากรรายการนี้
  คอมเมนท์: แฮร์รี่ พอตเตอร์ ..


 Copyright 2026. Bcnsprnw @Library